Los Desplazados
Salvato in:
| Natura: | testo |
|---|---|
| Soggetti: | |
| Tags: |
Aggiungi Tag
Nessun Tag, puoi essere il primo ad aggiungerne!!
|
MARC
| LEADER | 00000 a a2200000 04500 | ||
|---|---|---|---|
| 001 | 45546 | ||
| 003 | |||
| 040 | |||
| 245 | |a Los Desplazados | ||
| 500 | |a Antes se llamaba: ALAI SERVICIO MENSUAL DE INFORMACION Y DOCUMENTACION | ||
| 650 | |a POLITICA | ||
| 650 | |a MILITARISMO | ||
| 650 | |a REVOLUCION | ||
| 650 | |a AMERICA CENTRAL | ||
| 650 | |a ESTADOS UNIDOS | ||
| 773 | |g volumen10, número86 (Diciembre, 1986), Págs. 17 | ||
| 999 | |c 18238 |d 18238 | ||
